000 00985nam a22002897a 4500
001 7908
003 FISKH
005 20250813121815.0
008 250813b cb ||||| |||| 00| 0 eng d
020 _a807728486723
040 _aFISKH
_beng
_cFISKH
_dFISKH
050 _aPZ7
082 _a823
100 _aHarker, Jillian
245 _aJust as well, really! /
_cWritten by Jillian Harker ; Illustrated by Julie Nicholson
250 _aThis edition published in 2001
260 _aUnited Kingdom ;
_bParragon,
_c2000
300 _a28 unnumbered pages :
_bcolor illustrations ;
_c25 cm
505 _aa
520 _aWherever he goes, Rumpus causes chaos for everyone around him. But his family has one very good reason not to get mad- which is just as well, really.
521 8 _a10
_bLexile estimate
521 8 _aa
_bRaz-Plus
650 _aFamily
_vBears
_xTeddy Bears
700 _aNicholson, Julie
_eillustrator
942 _2ddc
_cBK
_n0
999 _c7908
_d7908